| 000 | 00679nam a2200217 i 4500 | ||
|---|---|---|---|
| 001 | 171584 | ||
| 003 | ES-MaACL | ||
| 005 | 20250808062814.0 | ||
| 008 | 090521s1980 sp |||| | spa d | ||
| 017 | _aM 14940-1980 | ||
| 020 | _a84-220-0951-X | ||
| 100 | 0 |
_aUn Cartujo. _9111976 |
|
| 245 | 1 | 0 |
_aMaestro Bruno, padre de monjes / _cpor un Cartujo. |
| 260 |
_aMadrid : _bLa Editorial Católica, _c1980. |
||
| 300 |
_aXXII, 1 h., 387 p., 1 h. ; _c20 cm. |
||
| 490 | 1 |
_aBiblioteca de autores cristianos ; _v413 |
|
| 600 | 0 | 4 |
_aBruno _cSanto. _932201 |
| 830 | 0 | 0 |
_aBiblioteca de autores cristianos _v413 _9178679 |
| 852 |
_aES-MaACL _jJ-404 _9R.46092 |
||
| 999 |
_c171584 _d171584 |
||